[Event "FBL O"]
[Site "Deutschland"]
[Date "2009.11.07"]
[Round "1.1"]
[White "Lorenz, Nicole"]
[Black "Burchardt, Brigitte"]
[Result "0-1"]
[WhiteElo "1889"]
[BlackElo "2209"]
[PlyCount "56"]
[EventDate "2009.11.07"]
[EventType "team"]
[EventCountry "GER"]
[WhiteTeam "SG Grün-Weiß Dresden"]
[BlackTeam "SC Rotation Pankow"]

1. e4 c5 2. Nf3 d6 3. Bb5+ Nc6 4. c3 a6 5. Bxc6+ bxc6 6. d4 cxd4 7. cxd4 Nf6 8.
Nc3 e6 9. O-O Be7 10. Bg5 O-O 11. Qc2 Nd7 12. Bxe7 Qxe7 13. e5 dxe5 14. dxe5 c5
15. Ne4 Bb7 16. Rac1 Bd5 17. Nxc5 Rfc8 18. b4 Bxf3 19. gxf3 Rab8 20. Rfd1 Nxe5
21. Qe4 Qf6 22. Kg2 Qg5+ 23. Kh1 Qh5 24. Kg2 h6 25. Nxa6 Rxc1 26. Rxc1 Qg5+ 27.
Kh3 Rd8 28. Re1 Nd3 0-1

[Event "FBL O"]
[Site "Deutschland"]
[Date "2009.11.07"]
[Round "1.2"]
[White "Wagner Michel, Annett"]
[Black "Morgenstern, Petra"]
[Result "1-0"]
[WhiteElo "2122"]
[BlackElo "1961"]
[PlyCount "95"]
[EventDate "2009.11.07"]
[EventType "team"]
[EventCountry "GER"]
[WhiteTeam "SC Rotation Pankow"]
[BlackTeam "SG Grün-Weiß Dresden"]

1. e4 c5 2. Nf3 d6 3. Bb5+ Bd7 4. Qe2 g6 5. e5 Bxb5 6. Qxb5+ Qd7 7. Nc3 Bg7 8.
exd6 Bxc3 9. Qxd7+ Nxd7 10. dxc3 exd6 11. Bf4 d5 12. O-O-O Ngf6 13. Rhe1+ Kd8
14. Ng5 Rf8 15. Bd6 Re8 16. Nxf7+ Kc8 17. Rxe8+ Nxe8 18. Rxd5 Nxd6 19. Nxd6+
Kc7 20. Nb5+ Kd8 21. c4 Ke7 22. b3 a6 23. Nc3 Rf8 24. f3 b6 25. Ne4 Nf6 26.
Nxf6 Rxf6 27. Kd2 Re6 28. c3 a5 29. a3 Rc6 30. Kd3 Re6 31. b4 axb4 32. cxb4
cxb4 33. axb4 Re1 34. Rg5 Re6 35. Kd4 Kd7 36. h4 Kc7 37. h5 Re2 38. g4 gxh5 39.
Rxh5 Re7 40. f4 Kc6 41. Rh6+ Kc7 42. Kd5 Rd7+ 43. Ke5 Re7+ 44. Re6 Rd7 45. g5
Kb7 46. f5 Rg7 47. Kf6 Rc7 48. Re7 1-0

[Event "FBL O"]
[Site "Deutschland"]
[Date "2009.11.07"]
[Round "1.3"]
[White "Kosovska, Olena"]
[Black "Schulz, Stefanie"]
[Result "0-1"]
[WhiteElo "1850"]
[BlackElo "2109"]
[PlyCount "74"]
[EventDate "2009.11.07"]
[EventType "team"]
[EventCountry "GER"]
[WhiteTeam "SG Grün-Weiß Dresden"]
[BlackTeam "SC Rotation Pankow"]

1. c4 c5 2. Nc3 Nc6 3. g3 g6 4. Bg2 Bg7 5. e3 e5 6. Nge2 Nge7 7. O-O O-O 8. Nd5
d6 9. f4 Rb8 10. Nec3 Nxd5 11. Nxd5 Be6 12. d3 exf4 13. Nxf4 Bf5 14. a3 Ne5 15.
e4 Bg4 16. Qc2 Nc6 17. Be3 Nd4 18. Qf2 g5 19. Nh3 h6 20. Kh1 f5 21. exf5 Rxf5
22. Bd5+ Rxd5 23. Qf7+ Kh8 24. Qxd5 Bxh3 25. Bxd4 Bxd4 26. Rf7 Bd7 27. Rxd7
Qxd7 28. Rf1 Qc6 29. b3 Qxd5+ 30. cxd5 Kg7 31. Re1 Be5 32. Kg2 Rf8 33. h3 h5
34. Re2 Kg6 35. Re4 Rf7 36. Re2 g4 37. hxg4 hxg4 0-1

[Event "FBL O"]
[Site "Deutschland"]
[Date "2009.11.07"]
[Round "1.4"]
[White "Goehler, Antje"]
[Black "Flemming, Peggy"]
[Result "1/2-1/2"]
[WhiteElo "2144"]
[BlackElo "1643"]
[PlyCount "36"]
[EventDate "2009.11.07"]
[EventType "team"]
[EventCountry "GER"]
[WhiteTeam "SC Rotation Pankow"]
[BlackTeam "SG Grün-Weiß Dresden"]

1. d4 d5 2. Nf3 e6 3. c4 Nf6 4. Nc3 Be7 5. Bf4 Nbd7 6. e3 c6 7. c5 Ne4 8. Nxe4
dxe4 9. Ne5 O-O 10. Be2 Nf6 11. O-O Nd5 12. Bg3 Bd7 13. Qc2 f5 14. Nc4 Bg5 15.
Nd6 b6 16. a3 Qf6 17. Be5 Qg6 18. Bc4 Bf6 1/2-1/2

[Event "FBL O"]
[Site "Deutschland"]
[Date "2009.11.07"]
[Round "1.1"]
[White "Banisch, Anett"]
[Black "Von Herman, Brigitte"]
[Result "0-1"]
[WhiteElo "2048"]
[BlackElo "2108"]
[PlyCount "94"]
[EventDate "2009.11.07"]
[EventType "team"]
[EventCountry "GER"]
[WhiteTeam "SV Merseburg"]
[BlackTeam "USV Potsdam"]

1. e4 e5 2. Nf3 d6 3. d4 exd4 4. Nxd4 Nf6 5. Nc3 Be7 6. Bc4 O-O 7. Be3 Nxe4 8.
Nxe4 d5 9. Nb5 dxc4 10. Qxd8 Bxd8 11. O-O-O Na6 12. Nxa7 Be6 13. Nb5 c6 14.
Nbc3 Be7 15. Na4 Nb4 16. Nec3 Nxa2+ 17. Nxa2 Rxa4 18. Nc3 Ra1+ 19. Kd2 Rd8+ 20.
Ke2 Rdxd1 21. Rxd1 Rxd1 22. Nxd1 Kf8 23. f3 b5 24. c3 Bd6 25. g3 Ke7 26. Nf2
Bf5 27. f4 h6 28. Kf3 Ke6 29. g4 Bc2 30. h4 Kd5 31. Bd4 f6 32. g5 hxg5 33. fxg5
fxg5 34. hxg5 Bf8 35. Kf4 c5 36. Be3 b4 37. Bd2 Bd6+ 38. Ke3 Ke5 39. Nh3 Kf5
40. cxb4 cxb4 41. Kd4 Bb3 42. Nf2 Bg3 43. Nh3 Kg4 44. Bxb4 g6 45. Bc3 Kxh3 46.
Ke4 Kg4 47. Bf6 Bh4 0-1

[Event "FBL O"]
[Site "Deutschland"]
[Date "2009.11.07"]
[Round "1.2"]
[White "Tsurtsumia, Natela"]
[Black "Pflug, Tanja"]
[Result "1/2-1/2"]
[WhiteElo "2134"]
[BlackElo "2055"]
[PlyCount "112"]
[EventDate "2009.11.07"]
[EventType "team"]
[EventCountry "GER"]
[WhiteTeam "USV Potsdam"]
[BlackTeam "SV Merseburg"]

1. e4 e6 2. d4 d5 3. Nc3 Nf6 4. Bd3 c5 5. exd5 exd5 6. Bg5 Be7 7. Qf3 c4 8. Bf5
Nc6 9. O-O-O O-O 10. Nge2 Be6 11. Bxe6 fxe6 12. Qh3 Qd6 13. Rhe1 Nd8 14. Nf4
Ng4 15. Qxg4 Bxg5 16. Qxg5 Qxf4+ 17. Qxf4 Rxf4 18. f3 Kf7 19. Re3 Nc6 20. Nb5
Rd8 21. g3 Rf6 22. f4 a6 23. Nc3 b5 24. Ne2 Rb8 25. Ng1 Rb6 26. Nf3 h6 27. Rf1
b4 28. h4 a5 29. h5 a4 30. Ne5+ Ke7 31. Nxc6+ Rxc6 32. Kd2 Kd7 33. c3 bxc3+ 34.
Rxc3 Rb6 35. Kc2 Rf8 36. Rf2 Rfb8 37. Kc1 Kd6 38. Re3 Rf8 39. Kc2 Kd7 40. g4
Rfb8 41. Kc3 a3 42. bxa3 Rb1 43. f5 exf5 44. Rxf5 Rc1+ 45. Kd2 Rbb1 46. Rxd5+
Kc6 47. Rc5+ Kd6 48. Rc3 Rg1 49. R5xc4 Rxg4 50. Rc6+ Kd5 51. R3c5+ Ke4 52. Kc2
Rgg1 53. Re5+ Kxd4 54. Ree6 Kd5 55. Red6+ Ke4 56. Re6+ Kd5 1/2-1/2

[Event "FBL O"]
[Site "Deutschland"]
[Date "2009.11.07"]
[Round "1.3"]
[White "Maedel, Katja"]
[Black "Penne, Bo"]
[Result "1-0"]
[WhiteElo "1993"]
[BlackElo "1990"]
[PlyCount "55"]
[EventDate "2009.11.07"]
[EventType "team"]
[EventCountry "GER"]
[WhiteTeam "SV Merseburg"]
[BlackTeam "USV Potsdam"]

1. e4 e6 2. d4 d5 3. Nd2 Be7 4. e5 Nh6 5. Bd3 b6 6. c3 c5 7. Ne2 a5 8. O-O Ba6
9. Bc2 Nc6 10. Nf3 Nf5 11. g4 Nh4 12. Nxh4 Bxh4 13. Be3 cxd4 14. cxd4 Rc8 15.
a3 O-O 16. f4 f6 17. Rc1 fxe5 18. dxe5 Kh8 19. Ba4 Ne7 20. Rf3 Rxc1 21. Bxc1
Ng6 22. Nd4 Bc8 23. Bc2 Be7 24. Qd3 Bc5 25. Rh3 Kg8 26. Rxh7 Bxd4+ 27. Kh1 Kxh7
28. Qxg6+ 1-0

[Event "FBL O"]
[Site "Deutschland"]
[Date "2009.11.08"]
[Round "2.1"]
[White "Jaracz, Barbara"]
[Black "Szczepkowska Horowska, Karina"]
[Result "1/2-1/2"]
[WhiteElo "2276"]
[BlackElo "2318"]
[PlyCount "43"]
[EventDate "2009.11.07"]
[EventType "team"]
[EventCountry "GER"]
[WhiteTeam "SV Guben 1990"]
[BlackTeam "BSV Weißblau Allianz Leipzig"]

1. e4 e5 2. Nf3 Nc6 3. Bb5 a6 4. Ba4 Nf6 5. O-O b5 6. Bb3 Be7 7. Re1 O-O 8. h3
Bb7 9. d3 d6 10. c3 Na5 11. Bc2 c5 12. Nbd2 Nc6 13. Nf1 h6 14. Ng3 Bc8 15. Be3
Re8 16. d4 Bf8 17. Qd2 Qc7 18. d5 Ne7 19. Nh4 Ng6 20. Nhf5 Ne7 21. Nh4 Ng6 22.
Nhf5 1/2-1/2

[Event "FBL O"]
[Site "Deutschland"]
[Date "2009.11.08"]
[Round "2.2"]
[White "Levushkina, Elena"]
[Black "Fojudzka, Anna"]
[Result "0-1"]
[WhiteElo "2307"]
[BlackElo "2227"]
[PlyCount "80"]
[EventDate "2009.11.07"]
[EventType "team"]
[EventCountry "GER"]
[WhiteTeam "BSV Weißblau Allianz Leipzig"]
[BlackTeam "SV Guben 1990"]

1. e4 c5 2. c3 Nf6 3. e5 Nd5 4. Nf3 d6 5. d4 cxd4 6. cxd4 Nc6 7. exd6 Qxd6 8.
Nc3 Bg4 9. Be2 e6 10. O-O Be7 11. Ne4 Qd8 12. a3 O-O 13. Nc5 b6 14. Ne4 Nf6 15.
Nc3 Rc8 16. Be3 Nd5 17. Qa4 Nxc3 18. bxc3 Na5 19. Rfc1 Qd5 20. c4 Qc6 21. Qd1
Bf6 22. Rab1 Bf5 23. Rb5 Rfd8 24. Qe1 Nb7 25. c5 bxc5 26. dxc5 Be4 27. Rb4 Bd3
28. h3 Na5 29. Bd4 Bxd4 30. Nxd4 Qe4 31. Bxd3 Qxd3 32. Rc3 Qa6 33. Ra4 Qb7 34.
Rg3 Rxc5 35. Nxe6 fxe6 36. Rxa5 Rxa5 37. Qxa5 Rd1+ 38. Kh2 Qb1 39. Rg4 Qb8+ 40.
g3 Qb7 0-1

[Event "FBL O"]
[Site "Deutschland"]
[Date "2009.11.08"]
[Round "2.3"]
[White "Demidowicz, Maria"]
[Black "Matras Clement, Agnieszka"]
[Result "1/2-1/2"]
[WhiteElo "2082"]
[BlackElo "2231"]
[PlyCount "112"]
[EventDate "2009.11.07"]
[EventType "team"]
[EventCountry "GER"]
[WhiteTeam "SV Guben 1990"]
[BlackTeam "BSV Weißblau Allianz Leipzig"]

1. e4 e5 2. Nf3 Nc6 3. Bb5 a6 4. Ba4 Nf6 5. O-O b5 6. Bb3 Bc5 7. c3 d6 8. d4
Bb6 9. Re1 O-O 10. h3 Bb7 11. a3 Re8 12. Bc2 h6 13. Be3 exd4 14. cxd4 Na5 15.
e5 Bxf3 16. Qxf3 dxe5 17. dxe5 Rxe5 18. Nd2 Qe8 19. Nf1 Rd8 20. Red1 Nc4 21.
Rxd8 Qxd8 22. Rd1 Rd5 23. Bxb6 cxb6 24. b4 Rxd1 25. Bxd1 Qd5 26. Qb3 Qd4 27.
Bc2 Nd5 28. Qf3 g6 29. Ng3 Ne5 30. Qe2 Nf4 31. Qf1 Qc3 32. Qd1 Ned3 33. Ne4
Qxa3 34. g3 Nxh3+ 35. Kg2 Nhxf2 36. Nxf2 Nxf2 37. Qd8+ Kh7 38. Qd5 Qc3 39.
Qxf7+ Kh8 40. Qe8+ Kg7 41. Qxg6+ Kf8 42. Qxh6+ Ke7 43. Qg5+ Kd6 44. Qd8+ Ke6
45. Qxb6+ Kd5 46. Qxf2 Qxb4 47. Qf5+ Kc6 48. Qe4+ Qxe4+ 49. Bxe4+ Kd6 50. Kf3
a5 51. Ke3 a4 52. Bc2 Kd5 53. g4 Ke5 54. Bd1 Kd5 55. Kd3 Ke5 56. Ke3 Kd5
1/2-1/2

[Event "FBL O"]
[Site "Deutschland"]
[Date "2009.11.08"]
[Round "2.4"]
[White "Schulz, Petra"]
[Black "Sikorska, Agata"]
[Result "0-1"]
[WhiteElo "2085"]
[BlackElo "2086"]
[PlyCount "98"]
[EventDate "2009.11.07"]
[EventType "team"]
[EventCountry "GER"]
[WhiteTeam "BSV Weißblau Allianz Leipzig"]
[BlackTeam "SV Guben 1990"]

1. e4 c5 2. Nf3 d6 3. Bb5+ Nc6 4. c3 Bg4 5. h3 Bd7 6. O-O Nf6 7. Re1 e6 8. d4
cxd4 9. cxd4 Be7 10. d5 Ne5 11. Bxd7+ Qxd7 12. dxe6 Nxf3+ 13. Qxf3 Qxe6 14. Nc3
O-O 15. Bf4 Rfd8 16. e5 dxe5 17. Rxe5 Qd7 18. Rd1 Qc7 19. Rde1 Bf8 20. Rb5 Qc4
21. Rxb7 Re8 22. Rc1 Qa6 23. a3 Rac8 24. Be3 Re7 25. Rxe7 Bxe7 26. Rd1 h6 27.
Rd4 Rb8 28. Ra4 Qe6 29. Qe2 Bd6 30. Rxa7 Qe5 31. f4 Qe6 32. Ra4 Re8 33. Nd1 Nd5
34. Kf2 Bc5 35. Qb5 Bxe3+ 36. Kf3 Bb6 37. g4 Rd8 38. Re4 Qd6 39. Re8+ Kh7 40.
Rxd8 Qxd8 41. Qd3+ Kg8 42. f5 Qd6 43. Qe4 Nf6 44. Qc2 Qd5+ 45. Kg3 Ne4+ 46. Kf4
Ng5 47. Nc3 Qf3+ 48. Ke5 f6+ 49. Kd6 Nf7+ 0-1

[Event "FBL O"]
[Site "Deutschland"]
[Date "2009.11.08"]
[Round "2.5"]
[White "Sikorska, Dorota"]
[Black "Just, Anita"]
[Result "0-1"]
[WhiteElo "1939"]
[BlackElo "1992"]
[PlyCount "68"]
[EventDate "2009.11.07"]
[EventType "team"]
[EventCountry "GER"]
[WhiteTeam "SV Guben 1990"]
[BlackTeam "BSV Weißblau Allianz Leipzig"]

1. e4 e6 2. d4 d5 3. Nc3 Bb4 4. e5 c5 5. Bd2 cxd4 6. Nb5 Bxd2+ 7. Qxd2 Nc6 8.
f4 Nge7 9. Nd6+ Kf8 10. Nf3 Qb6 11. O-O-O Bd7 12. Nxd4 Nxd4 13. Qxd4 Qxd4 14.
Rxd4 Bc6 15. g4 g6 16. h4 h5 17. g5 Nc8 18. Nxc8 Rxc8 19. Rh3 Ke7 20. Kd2 Rc7
21. Rc3 Rhc8 22. Ke3 Bd7 23. Rxc7 Rxc7 24. c4 dxc4 25. Rxc4 Bc6 26. Bg2 Kd7 27.
Bxc6+ Rxc6 28. Kd4 Rb6 29. b3 Ra6 30. a4 Ra5 31. Rc5 Ra6 32. Kc4 Rc6 33. b4
Rxc5+ 34. Kxc5 Kc7 $138 0-1

[Event "FBL O"]
[Site "Deutschland"]
[Date "2009.11.08"]
[Round "2.6"]
[White "Kalies, Grit"]
[Black "Wisniowska, Klaudia"]
[Result "1/2-1/2"]
[WhiteElo "2016"]
[BlackElo "1953"]
[PlyCount "80"]
[EventDate "2009.11.07"]
[EventType "team"]
[EventCountry "GER"]
[WhiteTeam "BSV Weißblau Allianz Leipzig"]
[BlackTeam "SV Guben 1990"]

1. e4 c5 2. Nf3 d6 3. d4 cxd4 4. Nxd4 Nf6 5. Nc3 Nc6 6. f3 e5 7. Nb3 Be7 8. Be3
O-O 9. Be2 Be6 10. Nd5 Bxd5 11. exd5 Nb8 12. O-O Nbd7 13. Qd2 Qb8 14. a4 Re8
15. Kh1 Bf8 16. c4 Qd8 17. Qb4 a5 18. Qe1 b6 19. Qh4 g6 20. Nd2 Nh5 21. Qf2 Nf4
22. Ne4 f5 23. Nc3 Nc5 24. g4 Qf6 25. Bd1 Nfd3 26. Qd2 f4 27. Bg1 Nb4 28. Bc2
Bg7 29. Be4 Nb3 30. Qd1 Nxa1 31. Qxa1 Rec8 32. b3 Bf8 33. Qe1 Be7 34. Nb5 Bd8
35. Qd2 Na6 36. Bf2 Nc7 37. Nc3 Na6 38. Nb5 Nc7 39. Nc3 Na6 40. Nb5 Nc7 1/2-1/2

[Event "FBL O"]
[Site "Deutschland"]
[Date "2009.11.08"]
[Round "2.1"]
[White "Busse, Nadine"]
[Black "Gasch, Franziska"]
[Result "0-1"]
[WhiteElo "1976"]
[BlackElo "1979"]
[PlyCount "172"]
[EventDate "2009.11.07"]
[EventType "team"]
[EventCountry "GER"]
[WhiteTeam "SV Glück auf Rüdersdorf"]
[BlackTeam "SC Leipzig-Lindenau"]

1. e4 d5 2. exd5 Nf6 3. d4 Nxd5 4. c4 Nb6 5. Be2 e5 6. dxe5 Qxd1+ 7. Bxd1 Nxc4
8. Nf3 Bb4+ 9. Bd2 Nxb2 10. Bc2 Be7 11. Nc3 c6 12. Nd4 Nc4 13. Bf4 Bb4 14. Nde2
Nd7 15. e6 fxe6 16. Bb3 Ndb6 17. O-O O-O 18. Ne4 Nd5 19. Bxc4 Nxf4 20. Nd4 Nd5
21. Rab1 Be7 22. Rfe1 Bf6 23. Nxf6+ Rxf6 24. Nf3 b6 25. a4 Bb7 26. Rb2 Rd8 27.
Ng5 Bc8 28. Rbe2 Re8 29. Bb3 Bd7 30. Ne4 Rg6 31. Bc2 Rh6 32. Ng3 Kf8 33. Ne4
Re7 34. Ng5 Kg8 35. Nf3 Nf4 36. Re4 Nd5 37. Ne5 Be8 38. Ng4 Rg6 39. Ne5 Rf6 40.
Ng4 Rg6 41. Ne5 Rf6 42. Bb3 h5 43. Nf3 Bg6 44. Re5 Rc7 45. Rxe6 Rxe6 46. Rxe6
Bf7 47. Rd6 Kf8 48. Nd4 Nb4 49. Bxf7 Kxf7 50. Kf1 c5 51. Nb5 Re7 52. Nc3 Nc2
53. f3 Re6 54. Rd7+ Re7 55. Rd6 Ne3+ 56. Kf2 Nf5 57. Rd5 g6 58. g4 hxg4 59.
fxg4 Ne3 60. Rd3 Nxg4+ 61. Kg3 Re3+ 62. Rxe3 Nxe3 63. Nb5 a5 64. Kf4 Nc4 65.
Ke4 Ke6 66. Kf4 Nd6 67. Nc7+ Kf7 68. Nd5 b5 69. axb5 Nxb5 70. Nb6 Nc3 71. Nc4
a4 72. Ke5 Nb5 73. Nd2 a3 74. Nb3 a2 75. Kd5 Nd4 76. Na1 Ne6 77. Kc4 Kf6 78.
Kb3 Kg5 79. Kxa2 Kh4 80. Nc2 Kh3 81. Ne3 Kxh2 82. Kb3 Kg3 83. Kc4 Kf3 84. Nd5
g5 85. Nf6 g4 86. Nh5 g3 0-1

[Event "FBL O"]
[Site "Deutschland"]
[Date "2009.11.08"]
[Round "2.3"]
[White "Pachow, Steffi"]
[Black "Niesch, Franziska"]
[Result "1-0"]
[WhiteElo "2003"]
[BlackElo "1904"]
[PlyCount "107"]
[EventDate "2009.11.07"]
[EventType "team"]
[EventCountry "GER"]
[WhiteTeam "SV Glück auf Rüdersdorf"]
[BlackTeam "SC Leipzig-Lindenau"]

1. d4 Nf6 2. Nf3 g6 3. c4 c5 4. d5 b5 5. cxb5 a6 6. bxa6 Bxa6 7. Nc3 Bg7 8. g3
O-O 9. Bg2 d6 10. O-O Nbd7 11. Qc2 Nb6 12. Rd1 Qd7 13. e4 Ng4 14. Bf4 Nc4 15.
a4 Rfb8 16. b3 Nce5 17. Ne1 Qb7 18. Rab1 Nd7 19. h3 Nge5 20. Be3 Nf6 21. f4
Ned7 22. e5 Ne8 23. e6 Nf8 24. exf7+ Kxf7 25. Ne4 Qc7 26. Ng5+ Kg8 27. Ne6 Nxe6
28. dxe6 Bb7 29. f5 Qc8 30. g4 Nc7 31. Nf3 Nxe6 32. fxe6 Qxe6 33. Qc4 Qxc4 34.
bxc4 Rxa4 35. Ng5 Rb4 36. Rxb4 cxb4 37. Rb1 Bxg2 38. Kxg2 b3 39. Ne6 Be5 40. c5
b2 41. c6 Rc8 42. c7 Kf7 43. Nd4 Rxc7 44. Rxb2 Bxd4 45. Bxd4 e5 46. Be3 d5 47.
Bg5 d4 48. Kf3 Rc3+ 49. Ke4 Rxh3 50. Kxe5 h5 51. Rb7+ Kg8 52. Kf6 Rf3+ 53. Kxg6
hxg4 54. Bh6 1-0

[Event "FBL O"]
[Site "Deutschland"]
[Date "2009.11.08"]
[Round "2.4"]
[White "Neumeyer, Hannelore"]
[Black "Voigt, Anna"]
[Result "1-0"]
[WhiteElo "2055"]
[BlackElo "2076"]
[PlyCount "139"]
[EventDate "2009.11.07"]
[EventType "team"]
[EventCountry "GER"]
[WhiteTeam "SC Leipzig-Lindenau"]
[BlackTeam "SV Glück auf Rüdersdorf"]

1. d4 d5 2. e4 dxe4 3. Nc3 Nf6 4. f3 exf3 5. Nxf3 e6 6. Bd3 Nc6 7. Bg5 Be7 8.
Qd2 a6 9. O-O-O Nb4 10. Bc4 c6 11. h4 b5 12. Bxf6 Bxf6 13. Ne4 Nd5 14. Nxf6+
Nxf6 15. Bd3 Bb7 16. Rhf1 Qd5 17. Qa5 O-O 18. Kb1 Ng4 19. Qe1 a5 20. Be4 Qd6
21. Ne5 Nxe5 22. dxe5 Qc7 23. Rd6 Rad8 24. Qd2 a4 25. Rd1 Rxd6 26. exd6 Qd7 27.
g4 Rb8 28. Qa5 Rc8 29. Qb6 f6 30. c4 bxc4 31. Qb4 Ba6 32. Qxa4 Bb5 33. Qc2 h6
34. Bg6 Ra8 35. Rd2 c5 36. Qe4 Ra4 37. Qe3 c3 38. Qxc3 Rxg4 39. h5 Rc4 40. Qa5
Bc6 41. Qc7 Rb4 42. a3 Rb7 43. Qa5 Rb5 44. Qa6 Kf8 45. Kc2 Rb8 46. Kc3 f5 47.
Qa5 Bd5 48. Qc7 Rd8 49. Qxd7 Rxd7 50. Bxf5 Kf7 51. Rxd5 exf5 52. Rxf5+ Ke6 53.
Rxc5 Kxd6 54. Kc4 Ra7 55. Kb4 Rb7+ 56. Rb5 Ra7 57. a4 Re7 58. a5 Re4+ 59. Ka3
Kc6 60. Rb6+ Kc7 61. Rg6 Re5 62. Rxg7+ Kb8 63. b4 Rxh5 64. Rh7 Rh1 65. Ka4 h5
66. Kb5 h4 67. Kb6 Kc8 68. a6 h3 69. a7 Ra1 70. Rxh3 1-0

[Event "FBL O"]
[Site "Deutschland"]
[Date "2009.11.08"]
[Round "2.1"]
[White "Burchardt, Brigitte"]
[Black "Banisch, Anett"]
[Result "1-0"]
[WhiteElo "2209"]
[BlackElo "2048"]
[PlyCount "55"]
[EventDate "2009.11.07"]
[EventType "team"]
[EventCountry "GER"]
[WhiteTeam "SC Rotation Pankow"]
[BlackTeam "SV Merseburg"]

1. e4 e6 2. d4 d5 3. Nc3 Bb4 4. exd5 Qxd5 5. Nf3 Nc6 6. Bd2 Bxc3 7. Bxc3 Nf6 8.
Bd3 Ne4 9. O-O Nxc3 10. bxc3 O-O 11. Re1 Ne7 12. Re5 Qc6 13. Bxh7+ Kxh7 14.
Ng5+ Kg6 15. Qg4 f5 16. Qg3 Kf6 17. Rae1 g6 18. Nh7+ Kg7 19. Nxf8 Kxf8 20. h4
Qe8 21. d5 Qf7 22. dxe6 Qf6 23. Qd3 Ke8 24. h5 Nc6 25. Rc5 Bxe6 26. Qb5 Rc8 27.
Qxb7 Ne7 28. Rce5 1-0

[Event "FBL O"]
[Site "Deutschland"]
[Date "2009.11.08"]
[Round "2.2"]
[White "Pflug, Tanja"]
[Black "Mai, Iris"]
[Result "0-1"]
[WhiteElo "2055"]
[BlackElo "2146"]
[PlyCount "84"]
[EventDate "2009.11.07"]
[EventType "team"]
[EventCountry "GER"]
[WhiteTeam "SV Merseburg"]
[BlackTeam "SC Rotation Pankow"]

1. f4 Nf6 2. Nf3 e6 3. g3 d5 4. Bg2 Bc5 5. d4 Bb6 6. O-O O-O 7. e3 c5 8. c3 Nc6
9. Nbd2 Ne7 10. Ne5 Nf5 11. Ndf3 Ne4 12. g4 Nfd6 13. Qe1 f6 14. Nd3 Bd7 15. a4
a5 16. Nf2 c4 17. Nd2 Bc6 18. Nfxe4 dxe4 19. Qg3 Rc8 20. b3 cxb3 21. c4 Bc7 22.
c5 Nf7 23. Nxb3 Qd7 24. Bd2 Ra8 25. Qe1 e5 26. dxe5 fxe5 27. h3 exf4 28. exf4
Qd5 29. Qe3 g5 30. f5 Bf4 31. Qc3 Be5 32. Qc2 Bxa1 33. Rxa1 Rfd8 34. Ra2 Qd3
35. Qb2 e3 36. Be1 Bxg2 37. Kxg2 Qe4+ 38. Kg1 Rd1 39. Ra1 e2 40. Nd2 Qe5 41.
Qxe5 Nxe5 42. Nb3 Nd3 0-1

[Event "FBL O"]
[Site "Deutschland"]
[Date "2009.11.08"]
[Round "2.3"]
[White "Wagner Michel, Annett"]
[Black "Maedel, Katja"]
[Result "1-0"]
[WhiteElo "2122"]
[BlackElo "1993"]
[PlyCount "24"]
[EventDate "2009.11.07"]
[EventType "team"]
[EventCountry "GER"]
[WhiteTeam "SC Rotation Pankow"]
[BlackTeam "SV Merseburg"]

1. e4 e5 2. Nf3 Nc6 3. d4 exd4 4. Nxd4 Bc5 5. Nb3 Bb6 6. Nc3 a6 7. Nd5 Ba7 8.
Qg4 g6 9. Qg3 d6 10. Bg5 f6 11. Qc3 Kf7 12. O-O-O b5 1-0

[Event "FBL O"]
[Site "Deutschland"]
[Date "2009.11.08"]
[Round "2.5"]
[White "Goehler, Antje"]
[Black "Schwebbach, Angelika"]
[Result "1-0"]
[WhiteElo "2144"]
[BlackElo "1859"]
[PlyCount "141"]
[EventDate "2009.11.07"]
[EventType "team"]
[EventCountry "GER"]
[WhiteTeam "SC Rotation Pankow"]
[BlackTeam "SV Merseburg"]

1. d4 d5 2. Nf3 Nf6 3. c4 e6 4. Nc3 Be7 5. Bf4 c6 6. e3 Nbd7 7. h3 O-O 8. Rc1
Re8 9. Bd3 dxc4 10. Bxc4 Nd5 11. Bh2 N7f6 12. O-O Bd6 13. Ne5 Qc7 14. Bxd5 exd5
15. Nb5 Qe7 16. Nxd6 Qxd6 17. Nxf7 Qe7 18. Nd6 Rd8 19. Nxc8 Raxc8 20. a3 Re8
21. Qd3 Qd7 22. b4 Re7 23. Be5 Qe6 24. Bxf6 Qxf6 25. b5 Rec7 26. Qb3 Qf7 27. b6
axb6 28. Qxb6 Ra8 29. Rc3 Rcc8 30. Rb1 Rc7 31. Rb2 h6 32. Qc5 Qd7 33. Rcb3 Ra4
34. Rc3 Ra8 35. Rb4 Qd8 36. Rcb3 Qd7 37. Qc1 Rf8 38. Qb2 Rf7 39. Rb6 Qe7 40. a4
g6 41. a5 Kg7 42. a6 bxa6 43. Rxa6 Kh7 44. Rbb6 Rf6 45. Ra8 Rf8 46. Rbb8 Rxb8
47. Qxb8 Qg7 48. Qf8 Qxf8 49. Rxf8 Kg7 50. Ra8 Kf7 51. f3 Re7 52. Kf2 h5 53.
Ke2 Kf6 54. Rc8 Re6 55. g3 Ke7 56. Kd3 Kd7 57. Rf8 Ke7 58. Rh8 Rf6 59. f4 Re6
60. g4 hxg4 61. hxg4 Kf6 62. Rh7 Re4 63. Rc7 Re6 64. Ke2 Rd6 65. g5+ Kf5 66.
Kf3 Ke6 67. Kg4 c5 68. dxc5 Ra6 69. Rg7 Ra3 70. Rxg6+ Kf7 71. Rd6 1-0

[Event "FBL O"]
[Site "Deutschland"]
[Date "2009.11.08"]
[Round "2.1"]
[White "Von Herman, Brigitte"]
[Black "Lorenz, Nicole"]
[Result "1-0"]
[WhiteElo "2108"]
[BlackElo "1889"]
[PlyCount "91"]
[EventDate "2009.11.07"]
[EventType "team"]
[EventCountry "GER"]
[WhiteTeam "USV Potsdam"]
[BlackTeam "SG Grün-Weiß Dresden"]

1. e4 e5 2. Nf3 Nc6 3. d4 exd4 4. Bc4 Bb4+ 5. c3 dxc3 6. bxc3 Ba5 7. O-O Nge7
8. Ng5 Ne5 9. Nxf7 Nxf7 10. Bxf7+ Kxf7 11. Qh5+ Kg8 12. Qxa5 h6 13. Nd2 b6 14.
Qh5 Bb7 15. Ba3 d5 16. Bxe7 Qxe7 17. exd5 Qc5 18. c4 c6 19. Ne4 Qd4 20. Nd6 Ba6
21. Rad1 Qf4 22. dxc6 Kh7 23. Nb5 Rhd8 24. c7 Rxd1 25. Rxd1 Rc8 26. Qe2 Bxb5
27. Qd3+ g6 28. cxb5 Rxc7 29. h3 Rf7 30. Qc2 Rc7 31. Qb2 h5 32. g3 Qc4 33. Rd8
Qc1+ 34. Qxc1 Rxc1+ 35. Kg2 Rc7 36. h4 Re7 37. Rc8 Kg7 38. Rc6 Kf7 39. a4 Kg7
40. Kf3 Kh7 41. Kf4 Kh6 42. f3 Kg7 43. g4 hxg4 44. fxg4 Rd7 45. Ke5 Kf7 46. h5
1-0

[Event "FBL O"]
[Site "Deutschland"]
[Date "2009.11.08"]
[Round "2.2"]
[White "Morgenstern, Petra"]
[Black "Tsurtsumia, Natela"]
[Result "1/2-1/2"]
[WhiteElo "1961"]
[BlackElo "2134"]
[PlyCount "61"]
[EventDate "2009.11.07"]
[EventType "team"]
[EventCountry "GER"]
[WhiteTeam "SG Grün-Weiß Dresden"]
[BlackTeam "USV Potsdam"]

1. d4 d5 2. c4 e6 3. Nc3 Nf6 4. Nf3 Be7 5. Bg5 O-O 6. e3 b6 7. cxd5 exd5 8. Bd3
h6 9. Bh4 Bb7 10. O-O Nbd7 11. Rc1 Ne4 12. Bxe7 Qxe7 13. Bb1 Rfd8 14. Qc2 c5
15. Nd2 Ndf6 16. Ndxe4 dxe4 17. dxc5 Qxc5 18. Qa4 Qe5 19. Rfd1 Ng4 20. h3 Qh2+
21. Kf1 Nf6 22. Nxe4 Qh1+ 23. Ke2 Qxg2 24. Nxf6+ gxf6 25. Qg4+ Qxg4+ 26. hxg4
Bd5 27. Rxd5 Rxd5 28. Be4 Rad8 29. Bxd5 Rxd5 30. Rc8+ Kg7 31. Rc7 1/2-1/2

[Event "FBL O"]
[Site "Deutschland"]
[Date "2009.11.08"]
[Round "2.3"]
[White "Penne, Bo"]
[Black "Kosovska, Olena"]
[Result "0-1"]
[WhiteElo "1990"]
[BlackElo "1850"]
[PlyCount "44"]
[EventDate "2009.11.07"]
[EventType "team"]
[EventCountry "GER"]
[WhiteTeam "USV Potsdam"]
[BlackTeam "SG Grün-Weiß Dresden"]

1. e4 c5 2. Nf3 Nc6 3. d4 cxd4 4. Nxd4 e5 5. Nb5 a6 6. Nd6+ Bxd6 7. Qxd6 Qf6 8.
Qd3 Qg6 9. Be3 Nf6 10. Nd2 O-O 11. f3 Rd8 12. Bb6 Re8 13. c4 Nh5 14. Qc3 d6 15.
Nb3 Qg5 16. Rd1 f5 17. c5 fxe4 18. cxd6 Nd4 19. Bc4+ Kh8 20. Qd2 e3 21. Qc3
Qxg2 22. Rf1 Nc2+ 0-1